00000000nam##2200000za#4500
0019.675601
003CaOODSP
00520210624225337
007cr |||||||||||
008150407|2006||||xxc|||||o    f|0| 0 eng|d
020 |a978-1-100-54035-1
040 |aCaOODSP|beng
041 |aeng
041 |afre
043 |an-cn---
0861 |aSO2-11/12-2006-PDF
1101 |aCanada. |bGovernor General. |bOffice of the Secretary.
24510|aRegulations governing the award of the Canadian Coast Guard Exemplary Service Medal |h[electronic resource]
2461 |iShort title : |aCanadian Coast Guard Exemplary Service Medal Regulations
260 |aOttawa - Ontario : |bGovernor General of Canada. Office of the Secretary |c2006.
300 |a10p.
590 |a12-31-Supp|b2012-07-06
69007|aDecorations|2gcpds
7760#|tRèglement concernant l'attribution de la Médaille pour services distingués de la Garde côtière canadienne / |w(CaOODSP)9.667542
792 |tRèglement concernant l'attribution de la Médaille pour services distingués de la Garde côtière canadienne |efre|w(CaOODSP)9.675602
85640|ahttp://publications.gc.ca|qPDF|s110 KB|uhttps://publications.gc.ca/collections/collection_2012/bsgg-osgg/SO2-11-12-2006.pdf